000 00420nam a2200181Ia 4500
001 22740
005 20260414150851.0
008 260414t2013||||xx |||||||||||||| ||spa||
041 _aESP
082 _a621.395
_bT838
100 _aTeubner, Jens
_eAUT
245 0 _aData processing on FPGAs
_b
260 _c2013
300 _a104 páginas :
_c24 cm.
650 _aTCA
654 _aCET
942 _cLIB
_dJUS
_fJUS
_2ddc
_n
999 _c22740
_d22740